Muslim Development Fund- Sri Lanka (Record no. 1733)
[ view plain ]
| 000 -LEADER | |
|---|---|
| fixed length control field | 008090000a22002050004500 |
| 003 - CONTROL NUMBER IDENTIFIER | |
| control field | LK-CoMWRAF |
| 005 - DATE AND TIME OF LATEST TRANSACTION | |
| control field | 20240701111232.0 |
| 008 - FIXED-LENGTH DATA ELEMENTS--GENERAL INFORMATION | |
| fixed length control field | 230817t ||||| |||| 00| 0 eng d |
| 040 ## - CATALOGING SOURCE | |
| Original cataloging agency | LK-CoMWRAF |
| Modifying agency | LK-CoMWRAF |
| Description conventions | LK-CoMWRAF |
| 041 ## - LANGUAGE CODE | |
| Language code of text/sound track or separate title | English |
| 041 ## - LANGUAGE CODE | |
| Language code of text/sound track or separate title | Arabic |
| 082 ## - DEWEY DECIMAL CLASSIFICATION NUMBER | |
| Classification number | 361.7 |
| Item number | MUS |
| 942 ## - ADDED ENTRY ELEMENTS (KOHA) | |
| Koha item type | Books |
| 245 ## - TITLE STATEMENT | |
| Title | Muslim Development Fund- Sri Lanka |
| 260 ## - PUBLICATION, DISTRIBUTION, ETC. (IMPRINT) | |
| Place of publication, distribution, etc. | [Colombo]: |
| Name of publisher, distributor, etc. | Muslim Development Fund, |
| Date of publication, distribution, etc. | n.d. |
| 300 ## - PHYSICAL DESCRIPTION | |
| Extent | unnumbered pg. |
| 505 ## - FORMATTED CONTENTS NOTE | |
| Formatted contents note | History of the Muslims-Sri Lanka, Role of Muslims in constitutional changes during colonial era, Development in Islam in SL, SL and Israel, Economic problems of Muslims, Economic history and position of the Muslims, Muslim education in SL, SL Malayas<br/> |
| 650 ## - SUBJECT ADDED ENTRY--TOPICAL TERM | |
| Topical term or geographic name as entry element | NON-POLITICAL ORGANIZATIONS-Muslims-Sri Lanka |
| 650 ## - SUBJECT ADDED ENTRY--TOPICAL TERM | |
| Topical term or geographic name as entry element | Welfare,Muslims-Sri Lanka |
| Withdrawn status | Lost status | Damaged status | Not for loan | Permanent Location | Current Location | Date acquired | Full call number | Barcode | Koha item type |
|---|---|---|---|---|---|---|---|---|---|
| Resource center, Muslim Women's Research And Action Forum | Resource center, Muslim Women's Research And Action Forum | 2023-08-17 | 361.7 MUS | RAF4406 | Books |

